Pakistan : (Record no. 554026)
[ view plain ]
| 000 -LEADER | |
|---|---|
| fixed length control field | 00964cam a2200193 a 4500 |
| 020 ## - INTERNATIONAL STANDARD BOOK NUMBER | |
| International Standard Book Number | 1861897685 (hbk.) |
| 020 ## - INTERNATIONAL STANDARD BOOK NUMBER | |
| International Standard Book Number | 9781861897688 (hbk.) |
| 082 ## - DEWEY DECIMAL CLASSIFICATION NUMBER | |
| Author Mark | ROH |
| Classification number | 303.625 |
| -- | D |
| 100 1# - MAIN ENTRY--PERSONAL NAME | |
| Personal name | Gunaratna, Rohan, |
| 9 (RLIN) | 22962 |
| 245 10 - TITLE STATEMENT | |
| Title | Pakistan : |
| Remainder of title | terrorism ground zero / |
| Statement of responsibility, etc. | Rohan Gunaratna and Khuram Iqbal. |
| 260 ## - PUBLICATION, DISTRIBUTION, ETC. | |
| Place of publication, distribution, etc. | London : |
| Name of publisher, distributor, etc. | Reaktion Books, |
| Date of publication, distribution, etc. | 2011. |
| 300 ## - PHYSICAL DESCRIPTION | |
| Extent | 320 p. : |
| Other physical details | ill. ; |
| Dimensions | 22 cm. |
| 505 0# - FORMATTED CONTENTS NOTE | |
| Formatted contents note | Introduction -- Tribal Pakistan : the epicentre of global terrorism -- Understanding the Pakistani Taliban -- Terrorism and Karchi -- Mainland Pakistan terrorist groups -- Instability in the region : the wider effect of militancy in Pakistan -- The suicide terrorist threat in Pakistan -- Is Pakistan the ground zero of terrorism? |
| 526 ## - STUDY PROGRAM INFORMATION NOTE | |
| Program name | 0 |
| Interest level | 0 |
| Reading level | 0 |
| Title point value | 303_625549100000000_ROH |
| 650 #0 - SUBJECT ADDED ENTRY--TOPICAL TERM | |
| Topical term or geographic name entry element | Terrorism |
| Geographic subdivision | Pakistan |
| General subdivision | Prevention |
| -- | International cooperation. |
| 9 (RLIN) | 51308 |
| 650 #0 - SUBJECT ADDED ENTRY--TOPICAL TERM | |
| Topical term or geographic name entry element | Terrorists |
| Geographic subdivision | Pakistan. |
| 9 (RLIN) | 51309 |
| 700 1# - ADDED ENTRY--PERSONAL NAME | |
| Personal name | Iqbal, Khuram. |
| 9 (RLIN) | 51310 |
| 942 ## - ADDED ENTRY ELEMENTS (KOHA) | |
| Source of classification or shelving scheme | |
| Koha item type | Book |
| Withdrawn status | Lost status | Source of classification or shelving scheme | Damaged status | Not for loan | Permanent Location | Current Location | Date acquired | Total Checkouts | Full call number | Barcode | Date last seen | Date last checked out | Price effective from | Koha item type |
|---|---|---|---|---|---|---|---|---|---|---|---|---|---|---|
| Military College of Engineering (MCE) | Military College of Engineering (MCE) | 01/15/2018 | 2 | 303.6255491 ROH | MCE-50554 | 07/28/2020 | 03/24/2020 | 03/14/2021 | Book |
